Vlna rastu sa presúva

Vývoj cien nehnuteľností v rôznych regiónoch. Príčina rastu cien nehnuteľností. Nehnuteľnosti v Európe a v USA. Zastavenie rastu cien nehnuteľností.

Salvato in:
Dettagli Bibliografici
Autore principale: Bačišin, Vladimír
Natura: Capitolo di libro
Lingua:slovacco
Soggetti:
Tags: Aggiungi Tag
Nessun Tag, puoi essere il primo ad aggiungerne!!

MARC

LEADER 00000naa$a2200000$$$4500
001 0064797
005 20231019084755.4
041 0 |a slo 
044 |a SK 
245 1 0 |a Vlna rastu sa presúva  |c Vladimír Bačišin 
520 |a Vývoj cien nehnuteľností v rôznych regiónoch. Príčina rastu cien nehnuteľností. Nehnuteľnosti v Európe a v USA. Zastavenie rastu cien nehnuteľností. 
610 2 0 |a nehnuteľnosti 
610 2 0 |a cena nehnuteľností 
610 2 0 |a investori 
610 2 0 |a regióny 
100 1 |a Bačišin, Vladimír